000 00715nam a22002177a 4500
003 UA-OsUOA
001 37785
007 ta
008 20070516b un ||||| |||| 00| 0 ukr d
090 _a94(477).152
_bП36
942 _cBK
040 _aUA-OsUOA
_bukr
_cUA-OsUOA
_dUA-OsUOA
245 _aПівстоліття праці Українського Товариства Читальні Просвіти у Вінніпегу
_bНарис історії Товариства за роки 1905-1955
300 _a224 с.
955 _a1
041 _aukr
080 _a94(477).152
260 _aВінніпег
_c1958
650 7 _a9 Географія. Біографії. Історія
_2UDC
999 _c436311
_d436311